000
00312nam a2200133Ia 4500
005
20251222141810.0
008
251222s9999||||xx |||||||||||||| ||spa||
020
_a
84-263-3703-1
082
_a
272.092/U55
100
_a
Unciti, Manuel de
245
0
_a
Amaron hasta el Final
264
_b
Luis Vives
942
_c
LIB
999
_c
6441
_d
6441